000
00305nam a22001337a 4500
008
190227b xxu||||| |||| 00| 0 eng d
020
_a
9780471749554
041
_a
eng
080
_2
12th
_a
330.722.6
100
_a
62
101
_a
KON
245
_a
Intermediate Accounting
_c
Kieso, D.E
942
_2
udc
_c
BK
999
_c
54346
_d
54346